01297nam a22001697a 45000010005000000030006000050050017000110080041000280200018000690400029000870820008001161000015001242450099001392600049002383000044002875200796003315497FISKH20241212145048.0241212b cb ||||| |||| 00| 0 eng d a9780198390213 aFISKHbengcFISKHdFISKH a570 aLarge, Pam aComplete biology for Cambridge Secondary 1 : bCambridge checkpoint and beyond /cby Pam Large aOxford : bOxford University Press ;c2014 . a254 pages : billustrations ;c30 cm .  aThis brand new course builds in crucial challenge material right from the start, enabling students to confidently leap into Cambridge IGCSERG Science study with a solid foundation in Biology. It is the best preparation for our bestselling Complete Science for Cambridge IGCSE course,facilitating seamless progression from Cambridge Secondary 1 Stage 9 right into Complete Biology for Cambridge IGCSE. Complete Biology for Cambridge Secondary 1 covers all three years of Cambridge Secondary 1 Biology in the same book, flowing smoothly from one stage to the next. Regular revision andextension exercises will help consolidate learning and then stretch and challenge students to reach the next level. Plus, it's endorsed by Cambridge International Examinations, so you know it's comprehensive.